Mickiewicz

Bibliographic Details
Main Author: Libera, Leszek, 1948- (Author)
Format: Book
Language:Polish
PhysicalDescription:283 s. 21 cm
Published: Zielona Góra Uniwersytet Zielonogórski 2015
ISBN:9788378421801
Subjects:

MARC

LEADER 00000cam a2200000 a 4500
001 vtls011471816
003 SK-MaSNL
005 20260301175959.0
008 240318s2015 pl 001 0dpol
020 |a 9788378421801  |q (brožované) 
040 |a SNK  |b slo  |c SNK  |e AACR2 
041 0 |a pol 
044 |a pl  |c PL 
072 7 |a 821.162.1.09  |x Poľská literatúra (o nej)  |2 konspekt 
080 |a 821.162.1-1  |2 2011 
080 |a (048.8)  |2 2011 
080 |a (048.83)  |2 2011 
100 1 |a Libera, Leszek,  |d 1948-  |4 aut  |9 550611 
245 1 0 |a Mickiewicz  |c Leszek Libera 
260 |a Zielona Góra  |b Uniwersytet Zielonogórski  |c 2015 
300 |a 283 s.  |c 21 cm 
504 |a Bibliogr. odkazy ; reg. 
600 1 7 |a Mickiewicz, Adam,  |d 1798-1855  |2 SNKMA  |9 89474 
650 0 7 |a poľská poézia  |2 SNKPH  |9 83028 
650 0 7 |a život a tvorba  |2 SNK  |9 474565 
650 0 7 |a Polish poetry  |2 SNKPHeng  |9 414485 
655 7 |a Monographs  |2 SNKPHeng  |9 120675 
655 7 |a monografie  |2 SNKPH  |9 70139 
655 7 |a analýzy  |2 SNKPH  |9 22242 
655 7 |a Analytic studies  |2 SNKPHeng  |9 278714 
919 |a 978-83-7842-180-1 
958 |a NB 
958 |a PL 
999 |c 844697  |d 846627 
952 |a SNK  |b SNK  |y VYP  |7 0  |p 17A1180061  |o snkIC 142370  |i snk2016/4046  |8 2  |g 7.68  |0 0  |1 0  |4 0  |d 2016-02-10  |l 0  |r 2026-02-24 04:23:09  |w 2026-02-24